| 000 | 00428nab a2200145Ia 4500 | ||
|---|---|---|---|
| 003 | ES-SlBCS | ||
| 005 | 20210601124307.0 | ||
| 008 | 140529s1978 xxu||||| |||| 00| 0 eng d | ||
| 041 | _aeng | ||
| 100 | 1 |
_aStewart, J. Douglas _9139304 |
|
| 245 | 0 | 3 |
_aAn Analysis of Advising _c J. Douglas Stewart |
| 650 | 0 | 4 |
_aFilosofía Moral _9109318 |
| 773 | 0 |
_tEducational Theory _gvol. 28, nº. 3, 1978, págs. 202-213 _wRev1399 |
|
| 942 | _cAR | ||
| 999 |
_c512457 _d512457 |
||